Lecturas de antropología para educadores. El ambito de la antropología de la educación y de la etnografía escolar

Zapisane w:
Opis bibliograficzny
Główni autorzy: Velasco Maillo, Honorio M (Autor), García Castaño, F. Javier (Autor), Díaz de Rada, Angel (Autor)
Format: Książka
Język:hiszpański
Wydane: Madrid Trotta 2003
Wydanie:2a. ed
Seria:Estructuras y Procesos. Serie Antropología
Hasła przedmiotowe:
Etykiety: Dodaj etykietę
Nie ma etykietki, Dołącz pierwszą etykiete!

MARC

LEADER 00000nam a2200000 a 4500
001 UCI4152
003 CL-VaPUC
008 071228e20030000SP |||||||||||||||||spa|d
020 |a 8481646407 
082 0 4 |a 306.43  |b VEL  |2 21 
100 0 |a Velasco Maillo, Honorio M  |e author  |9 525853 
700 0 |a García Castaño, F. Javier  |e author  |9 525854 
700 0 |a Díaz de Rada, Angel  |e author  |9 525855 
245 1 0 |a Lecturas de antropología para educadores. El ambito de la antropología de la educación y de la etnografía escolar 
250 |a 2a. ed 
300 |a 461 p 
942 |c BK 
945 |d 20071228 00:00:00  |a rbrito 
260 |a Madrid  |b Trotta  |c 2003 
650 0 |a Antropología de la educación   |9 265262 
650 0 |a Sociología de la educación   |9 260380 
650 0 |a Formación profesional de profesores  |9 307493 
583 |a last modification  |c 20071228 00:00:00  |k Rodrigo Vera 
490 0 |a Estructuras y Procesos. Serie Antropología 
999 |c 328136  |d 328134 
952 |0 0  |1 0  |4 0  |6 306_430000000000000_VEL_2003  |7 0  |8 A  |9 411915  |a BIBEDU  |b BIBEDU  |d 2019-11-22  |i 4398211  |o 306.43 VEL 2003  |p 4398211  |r 2019-11-22  |w 2019-11-22  |y BK  |k PSI